Southville International School and Colleges
Your cart is empty.
  • Cart
  • Lists
    Public lists Eva Luna New books Lux_list list_1
    Your lists Log in to create your own lists
  • Log in to your account
  • Your cookies
  • Search history
Southville International School and Colleges
  • Advanced search
  • Recent comments
  • Most popular
  • Libraries

Log in to your account

Log in with GOOGLE


If you do not have an external account, but do have a local account, you can still log in:

  1. Home
  2. MARC view: The Spaces of masculinity and feminity in the visual arts :
Normal view MARC view ISBD view

The Spaces of masculinity and feminity in the visual arts : (Record no. 18326)

[ view plain ]
MARC details
000 -LEADER
fixed length control field 00708nam a22002297a 4500
003 - CONTROL NUMBER IDENTIFIER
control field OSt
005 - DATE AND TIME OF LATEST TRANSACTION
control field 20140310183017.0
008 - FIXED-LENGTH DATA ELEMENTS--GENERAL INFORMATION
fixed length control field 130212t xxu||||| |||| 00| 0 eng d
020 ## - INTERNATIONAL STANDARD BOOK NUMBER
International Standard Book Number 9718720251
050 ## - LIBRARY OF CONGRESS CALL NUMBER
Classification number N 72.S6
Item number .D37 2002
100 ## - MAIN ENTRY--PERSONAL NAME
Personal name Datuin, Flaudette May V.
245 ## - TITLE STATEMENT
Title The Spaces of masculinity and feminity in the visual arts :
Remainder of title Bohol, Dumaguete and Palawan /
Statement of responsibility, etc Flaudette May V. Datuin
260 ## - PUBLICATION, DISTRIBUTION, ETC. (IMPRINT)
Place of publication, distribution, etc Quezon City :
Name of publisher, distributor, etc University Center for Women's Studies,
Date of publication, distribution, etc 2002.
300 ## - PHYSICAL DESCRIPTION
Extent vii, 56 p. :
Dimensions 23 cm.
Other physical details ill. ;
521 ## - TARGET AUDIENCE NOTE
Target audience note
650 ## - SUBJECT ADDED ENTRY--TOPICAL TERM
Topical term or geographic name as entry element Feminism and art.
650 ## - SUBJECT ADDED ENTRY--TOPICAL TERM
Topical term or geographic name as entry element Arts and society.
650 ## - SUBJECT ADDED ENTRY--TOPICAL TERM
Topical term or geographic name as entry element Gender in the art.
942 ## - ADDED ENTRY ELEMENTS (KOHA)
Source of classification or shelving scheme Library of Congress Classification
Koha item type Books
Call number prefix Local
Holdings
Withdrawn status Lost status Source of classification or shelving scheme Damaged status Home library Current library Shelving location Date acquired Source of acquisition Total Checkouts Full call number Barcode Date last seen Copy number Price effective from Koha item type
    Library of Congress Classification   College Library College Library Filipiniana Section 11/14/2013 Library Fund   N 72.S6 .D37 2002 C12064 05/08/2018 1 10/18/2013 Books
    Library of Congress Classification   College Library College Library Filipiniana Section 11/14/2013 Library Fund   N 72.S6 .D37 2002 C12063 05/08/2018 2 11/14/2013 Books

The Spaces of masculinity and feminity in the visual arts :

APA

Datuin F. M. V., . (2002). The Spaces of masculinity and feminity in the visual arts. Quezon City: University Center for Women's Studies.

Chicago

Datuin Flaudette May V, . 2002. The Spaces of masculinity and feminity in the visual arts. Quezon City: University Center for Women's Studies.

Harvard

Datuin F. M. V., . (2002). The Spaces of masculinity and feminity in the visual arts. Quezon City: University Center for Women's Studies.

MLA

Datuin Flaudette May V, . The Spaces of masculinity and feminity in the visual arts. Quezon City: University Center for Women's Studies. 2002.

  • Place hold
  • Print
  • Cite
  • Add to your cart (remove)
  • Save record
    BIBTEX Dublin Core MARCXML MARC (non-Unicode/MARC-8) MARC (Unicode/UTF-8) MARC (Unicode/UTF-8, Standard) MODS (XML) RIS
  • More searches
    Search for this title in:
    Other Libraries (WorldCat) Other Databases (Google Scholar) Online Stores (Bookfinder.com) Open Library (openlibrary.org)

Exporting to Dublin Core...

SOUTHVILLE LIBRARY

Southville International School and Colleges Library

1281 Tropical Ave. Cor. Luxembourg St., BF Homes International, Las Pinas City

Tel. No. 8256374 / 252358 Loc. 117/146

Powered by Koha